Statistiken für Hauptstädte, die Singapur am nächsten liegen - 15-Sekunden-Sprint

Klicken Sie hier um das Quiz zu spielen!

Allgemein

  • Dieses Quiz wurde 17 mal gespielt
  • Das Durchschnittsergebnis liegt bei 4 aus 20

Antwortstatistiken

kmHauptstadt% Korrekt
902Jakarta
79%
309Kuala Lumpur
71%
1426Bangkok
36%
2391Manila
36%
4465Peking
36%
2652Dili
29%
2198Hanoi
29%
1142Phnom Penh
21%
4142Neu-Delhi
14%
3250Taipeh
14%
1855Vientiane
14%
1296Bandar Seri Begawan
7%
2881Dhaka
7%
4813Islamabad
7%
3380Malé
7%
2720Colombo
0%
3530Kathmandu
0%
2210Naypyidaw
0%
3481Ngerulmud
0%
3274Thimphu
0%

Verteilung der Resultate

Perzentil nach korrekt beantworteten Fragen

Anzahl Personen mit jedem Resultat

Ihre Resultats-Entwicklung

Sie haben dieses Quiz noch nicht gespielt